Представление документа в формате MARC21

Поле Инд. ПП Название Значение
Тип записи a
Библиографический уровень a
001 Контрольный номер 2a7142fcd8234e73ac6e71007dc2ec50
005 Дата корректировки 20240528110735.6
020 a ISBN 978-5-6040343-2-3
040 a Служба первич. каталог. НБ ТвГУ
b Код языка каталог. rus
e Правила каталог. PSBO
041 0_ a Код языка текста rus
097 b Оператор Komarova.ES
100 1_ a Автор Исаева Анна Сергеевна
q Полное имя Исаева А. С.
245 10 a Заглавие Инвестиции в человеческий капитал в условиях формирования инновационной экономики
260 a Место издания Санкт–Петербург
b Издательство Институт нового индустриального развития им. Витте
504 a Библиография Библиогр.: с. 55-56 (10 назв.)
520 0_ a Аннотация Статья посвящена инвестициям в человеческий капитал в условиях формирования инновационной экономики.
653 0_ a Ключевые слова Экономика
a Ключевые слова Инновационная экономика
a Ключевые слова Капитал
a Ключевые слова Профессиональная подготовка
a Ключевые слова Экономический рост
a Ключевые слова Образование
773 18 w Контрольный № источника cc62332d49464aca8fe1ea40eca1389a
t Название источника Форсайт "Россия": новое индустриальное общество. Перезагрузка
d Место и дата издания Санкт–Петербург : Институт нового индустриального развития им. Витте, 2018
g Прочая информация Т. 3. - С. 48-56
901 t Тип документа a
920 a Оператор Кома
954 b Дата поступления в ОК 20240528